|
|
|
|
| LEADER |
00000nam a22000007a 4500 |
| 005 |
20190519153535.0 |
| 007 |
cr|||| |||| |
| 008 |
190519s2016 co |||||s|||| 00||0 spa d |
| 020 |
|
|
|a 978-958-774-291-6
|
| 035 |
|
|
|a 23385
|
| 040 |
|
|
|a vLex
|
| 090 |
|
|
|c 8767
|d 8767
|
| 100 |
1 |
|
|a Lozano Rodrg̕uez, Eleonora
|
| 245 |
1 |
0 |
|a Teora̕ y puesta en prc̀tica del anl̀isis econm̤ico del derecho colombiano
|h [Recurso electrn̤ico] /
|c Eleonora Lozano Rodrg̕uez
|
| 256 |
|
|
|a Servicio en ln̕ea
|
| 260 |
|
|
|a Bogot:̀
|b Universidad de Los Andes (Colombia),
|c 2016
|
| 300 |
|
|
|a 1 recurso electrn̤ico
|
| 500 |
|
|
|a A partir de aspectos ter̤icos y aplicaciones concretas al derecho colombiano, esta obra colectiva busca aportar a la poca doctrina existente en nuestro pas̕ en anl̀isis econm̤ico del derecho.Asimismo demuestra que el enfoque tradicional con el cual se entenda̕ el anl̀isis econm̤ico del derecho como solo aplicable a jurisdicciones del common law se supera al reconocerse que el precedente judicial no es el n︢ico m̀bito donde se podra̕ aplicar el anl̀isis econm̤ico como instrumento de estudio y prediccin̤. Resalta, por lo tanto, la importancia de este conjunto de herramientas interdisciplinarias para el aplicador jurd̕ico o intřprete, para el diseądor de polt̕icas pb︢licas, en la creacin̤ de normas jurd̕icas en instancias legislativas o ejecutivas, y para la solucin̤ de conflictos derivados de los dil̀ogos de los actores del derecho.
|
| 506 |
1 |
|
|a Disponible solo en los productos indicados
|d vLex Global
|d vLex Global (Academic Edition, excluding Law Schools)
|d vLex Global (U.S. Academic Edition, Law Schools)
|d vLex Global (U.S. Academic Edition, excluding Law Schools)
|d vLex Global (Academic Edition, Law Schools)
|
| 650 |
0 |
4 |
|a Derecho Mercantil y de la Empresa
|z Colombia
|
| 650 |
0 |
4 |
|a Derecho Pb︢lico y Administrativo
|z Colombia
|
| 740 |
0 |
|
|a vLex Libros (Servicio en ln̕ea)
|
| 856 |
4 |
0 |
|u http://vlex.com/source/teoria-y-puesta-en-practica-del-analisis-economico-del-derecho-colombiano-23385
|z Acceso restringido
|
| 942 |
|
|
|c BOOK
|
| 999 |
0 |
|
|a Business and Company Law
|
| 999 |
0 |
|
|a Public and Administrative Law
|